000
00334nam a22001457a 4500
008
230524b ||||| |||| 00| 0 eng d
020
_a
9782298034516
041
_a
FRA
080
_a
82
082
_a
82MEY
100
_a
38
101
_a
GJL
245
_a
L'APPEL DU SANG LA SECONDE VIE DE BREE TANNER
_c
MEYER .S
942
_2
udc
_c
BK
999
_c
59812
_d
59812